Chủ nghĩa tự nhiên Zola và tiểu thuyết

Gespeichert in:
Bibliographische Detailangaben
1. Verfasser: LÊ NGỌC TÂN
Format: Buch
Sprache:Undetermined
Veröffentlicht: Hội Nhà Văn 2002
Tags: Tag hinzufügen
Keine Tags, Fügen Sie den ersten Tag hinzu!
Thư viện lưu trữ: Trung tâm Học liệu Trường Đại học Cần Thơ
LEADER 00429nam a2200145Ia 4500
001 CTU_49823
008 210402s9999 xx 000 0 und d
082 |a 843.809 
082 |b T121 
100 |a LÊ NGỌC TÂN 
245 0 |a Chủ nghĩa tự nhiên Zola và tiểu thuyết 
245 0 |c LÊ NGỌC TÂN 
260 |b Hội Nhà Văn 
260 |c 2002 
980 |a Trung tâm Học liệu Trường Đại học Cần Thơ